000 00816nam a2200253Ia 4500
003 OSt
005 20220918170923.0
006 a|||||r|||| 00| 0
007 ta
008 220917b |||||||| |||| 00| 0 eng d
020 _a9780816649167 (pbk)
_c871.79
024 _a236,259
037 _b26098, 25/08/2008, Segment Book Distributors
_cTextual
040 _aARTS
_cARTS
_beng
041 _2eng
_aeng
082 _aY:44(S:55).6, P7
100 _aHoad Neville
_932257
245 0 _aAfrican intimacies
_b Race, homosexuality and globalization
260 _aLondon
_bUniversity of Minnesota Press UK
_c2006
300 _axxxiii,187p.
_ccm.
650 _aSOCIOLOGY
942 _hY:44(S:55).6, P7
_cTEXL
_2CC
999 _c136656
_d136656